Geomorfología y dinámica de canales de mareas en ambientes intermareales /

Guardado en:
Autor Principal: Minkoff, Darío Roberto.
Otros Autores: Perillo, Gerardo M. E., Perez, Daniel E.
Formato: Manuscrito
Idioma:Spanish
Publicado: 2007.
Materias:
Etiquetas: Agregar Etiqueta
Sin Etiquetas, Sea el primero en etiquetar este registro!
LEADER 01089ntm a22002415a 4500
001 EUN.eunm001671
008 080310s2007####ag#######bm###000#0#spa#d
005 20200720102130.0
245 1 0 |a Geomorfología y dinámica de canales de mareas en ambientes intermareales /  |c Darío Roberto Minkoff ; director Gerardo M.E. Perillo ; co-director: Daniel E. Perez. 
260 |c 2007. 
300 |a 188 h. :  |b il. (algunas col.) ;  |c 30 cm. 
500 |a Tesis doctoral. 
502 |a Tesis (doctoral)--Universidad Nacional del Sur. Departamento de Ingeniería, 2007. 
504 |a Incluye referencias bibliográficas (p. 168-188). 
100 1 |a Minkoff, Darío Roberto. 
700 1 |a Perillo, Gerardo M. E.  |q (Gerardo Miguel Eduardo) 
700 1 |a Perez, Daniel E. 
710 2 |a Universidad Nacional del Sur.  |b Departamento de Ingeniería.  |4 dgg. 
082 0 4 |a 040  |2 15 
650 7 |a Geomorfología.  |2 unbist 
650 7 |a Geología marina.  |2 unbist 
859 |a AR-BaUNS  |b BIB. CENTRAL - Tesis  |h 040  |i B148 2007-824  |k R  |p 118584/008 
859 |a AR-BaUNS  |b BIB. CENTRAL - Sector A - Tesis  |h 040  |i B148 2007-824  |p 118585/008